000 01495cad a22002895a 4500
001 L158972
002
008 130206s2015 xxk f 000 0 eng d
020 _a9781783210336
035 _a(Sirsi) u158972
041 0 _afre
110 2 _aRoyal Institution of Chartered Surveyors
_94900
245 _aApplications juridictionnelles des normes d'évaluation au Canada en 2015
_h[electronic resource]
260 _aLondon
_bRICS
_c2015
300 _a11p.
490 0 _aRICS Guidance Note
520 _aIntended to assist RICS members who are also AIC members in ensuring that a valuation report that is compliant with Canadian Uniform Standards of Professional Appraisal Practice (CUSPAP) is also compliant with the RICS Valuation - Professional Standards (the Red Book). The guidance note covers the purpose of the document; terminology in CUSPAP and Red Book; compliance; issues such as Canadian provincial licensing, privacy legislation, and appraisal/review/consulting/reserve fund planning standards. Effective from June 2015.
590 _aKA
650 2 4 _aVALUATION STANDARDS
650 2 4 _aLICENSING
651 4 _aCanada
690 _aValuation
_96273
710 1 _aAppraisal Institute of Canada
_9829
856 4 0 _uhttps://www.rics.org/Global/2015_Canadian_jurisdictional_applications_of_valuation_standards_FRENCH_1st_edition_PGguidance_2015.pdf
_zView the guidance free of charge (member-only content) at www.rics.org
942 _n0
999 _c115607
_d115607
490 _aRICS Red Book